Evangelios del hombre y del paisaje : (Registro nro. 38485)

Detalles MARC
000 -CABECERA
Longitud fija campo de control 01153nam a2200325 a 4500
003 - • IDENTIFICADOR DELl NÚMERO DE CONTROL
Identificador del número de control CO-BoRNBP
005 - • FECHA Y HORA DE LA ÚLTIMA TRANSACCIÓN
Fecha y hora de la última transacción 20241018100003.0
007 - • CAMPO FIJO DE DESCRIPCIÓN FÍSICA
Campo fijo de descripción física ta
008 - • CÓDIGOS DE INFORMACIÓN DE LONGITUD FIJA
Códigos de información de longitud fija 110223s2010 ck gr 0001p spa d
020 ## - • NÚMERO INTERNACIONAL NORMALIZADO PARA LIBROS
Número Internacional Normalizado para Libros (ISBN) 9789587530001
040 ## - FUENTE DE LA CATALOGACIÓN
Centro catalogador de origen CO-BoBLA
Lengua de catalogación spa
Centro transcriptor CO-BoBLA
041 0# - • CÓDIGO DE LENGUA
Código de lengua del texto/banda sonora o título independiente spa
043 ## - CÓDIGO DE ÁREA GEOGRÁFICA
Código de área geográfica s-ck---
082 04 - • NÚMERO DE LA CLASIFICACIÓN DECIMAL DEWEY
Número de clasificación (R) Co861.6
Número del ítem M17e16
Número de edición 21
100 1# - • PUNTO DE ACCESO PRINCIPAL-NOMBRE DE PERSONA
Nombre de persona Martán Góngora, Helcías,
Fechas asociadas al nombre 1920-1984.
240 10 - • TÍTULO UNIFORME
Título uniforme <a href="Cauca-Bibliografía regional">Cauca-Bibliografía regional</a>
245 10 - • TITULO PROPIAMENTE DICHO
Título Evangelios del hombre y del paisaje :
Resto del título humano litoral /
Mención de responsabilidad, etc. Helcías Martán Góngora.
250 ## - • MENCI&Oacute;N DE EDICI&Oacute;N
Mención de edición 1a. edición
300 ## - • DESCRIPCI&Oacute;N F&Iacute;SICA
Extensión 173 p. ;
Dimensiones 21 cm.
336 ## - TIPO DE CONTENIDO
Fuente rdacontent
Término de tipo de contenido texto
Código de tipo de contenido txt
337 ## - TIPO DE MEDIO
Fuente rdamedia
Nombre del tipo de medio sin mediación
Código del tipo de medio n
338 ## - TIPO DE SOPORTE
Fuente rdacarrier
Nombre del tipo de soporte volumen
Código del tipo de soporte nc
490 0# - • MENCI&Oacute;N DE SERIE
Mención de serie Biblioteca de literatura afrocolombiana ;
Designación de volumen o secuencia 11
650 #7 - • PUNTO DE ACCESO ADICIONAL DE MATERIA - T&Eacute;RMINO DE MATERIA
Término de materia o nombre geográfico como elemento inicial Poesía colombiana.
Subdivisión cronológica Siglo XX.
Fuente del encabezamiento o término BLAAUTO
830 #0 - • PUNTO DE ACCESO ADICIONAL DE SERIE - T&Iacute;TULO UNIFORME
Título uniforme Colección de documentos en Biblioteca Virtual
830 #0 - • PUNTO DE ACCESO ADICIONAL DE SERIE - T&Iacute;TULO UNIFORME
Título uniforme Malcom Deas-Colección
856 40 - • LOCALIZACI&Oacute;N Y ACCESO ELECTR&Oacute;NICO
Identificador Uniforme del Recurso (URI) <a href="http://www.banrepcultural.org/blaavirtual/biblioteca-afrocolombiana/evangelios-humano-litoral-martan-gongora">http://www.banrepcultural.org/blaavirtual/biblioteca-afrocolombiana/evangelios-humano-litoral-martan-gongora</a>
Nota pública Acceso a texto completo
942 ## - ENTRADA DE ELEMENTOS AGREGADOS (KOHA)
Fuente de clasificaión o esquema Dewey Decimal Classification
Koha [por defecto] tipo de item LIbro
949 ## - TRATAMIENTO DE LA INFORMACI&Oacute;N LOCAL (OCLC)
a c
b c
Existencias
Perdido Fuente de clasificaci&oacute;n o esquema Estado Físico No para pr&eacute;stamo Forma de adquisición Localizaci&oacute;n permanente Localizaci&oacute;n actual Localización en estanterías Fecha adquisici&oacute;n Pr&eacute;stamos totales Signatura completa C&oacute;digo de barras Fecha &uacute;ltima consulta N&uacute;mero de copia Fecha del precio de reemplazo Tipo de item de Koha
  Dewey Decimal Classification     Colección General Biblioteca Pública Puerto López - Jorge Eliecer Gaitán Biblioteca Pública Puerto López - Jorge Eliecer Gaitán General 10/29/2025   Co861.6 M17e16 PLZ03952 10/29/2025 Ej.1 10/29/2025 Libro Literatura
  Dewey Decimal Classification     Colección General Biblioteca Pública Guamal Biblioteca Pública Guamal Literatura 10/18/2024   Co 863.6 GUA004336 10/18/2024 Ej.1 10/18/2024 Libro Literatura









Instituto Departamental de Cultura del Meta - Red Departamental de Bibliotecas Públicas del Meta.